[Event "Rio de Janeiro Motta Memorial 2nd"]
[Site "Rio de Janeiro"]
[Date "2018.03.27"]
[Round "6"]
[White "Negreiros, Diogenes"]
[Black "De Faria, Daniel"]
[Result "0-1"]
[WhiteElo "1677"]
[BlackElo "1655"]
[PlyCount "118"]
[EventDate "2018.02.20"]
[EventType "swiss"]
[EventRounds "6"]
[EventCountry "BRA"]
[SourceTitle "EXT 2019"]
[Source "ChessBase"]
[SourceDate "2018.10.10"]
[SourceVersion "1"]
[SourceVersionDate "2018.10.10"]
[SourceQuality "1"]

1. d4 Nf6 2. c4 e6 3. Nc3 c5 4. e3 b6 5. Nf3 Bb7 6. Bd3 Be7 7. 0-0 0-0 8. Bd2 d5 9. cxd5 exd5 10. dxc5 bxc5 11. Rc1 Nbd7 12. Re1 Ne4 13. Qc2 f5 14. Na4 Rc8 15. Bc3 Bf6 16. Nd2 d4 17. Bc4+ Kh8 18. exd4 cxd4 19. Bb4 Re8 20. f3 Nxd2 21. Qxd2 Ne5 22. Bb5 Qd5 23. Bf1 h5 24. Nc5 Ba8 25. Nd3 Nc4 26. Rxe8+ Rxe8 27. Qf2 Bg5 28. f4 Bf6 29. b3 Ne3 30. Rc5 Qe4 31. Be2 Nxg2 32. Ne5 Nh4 33. Kf1 Bxe5 34. Rxe5 Rxe5 35. fxe5 d3 36. Bxh5 Qxb4 37. a3 Qe4 38. e6 g6 39. e7 Qxe7 40. Qd4+ Kh7 41. Bd1 Qe4 42. Qxa7+ Kh6 43. Qf2 Qh1+ 44. Qg1 Qxg1+ 45. Kxg1 Bf3 46. Bxf3 Nxf3+ 47. Kf2 d2 48. Ke2 Nd4+ 49. Kxd2 Nxb3+ 50. Kc3 Na5 51. Kb4 Nb7 52. a4 f4 53. Kc4 Kg5 54. Kd4 Kf5 55. h3 g5 56. Kd3 g4 57. hxg4+ Kxg4 58. Ke2 Kg3 59. Ke1 Kg2 0-1

[Event "Rio de Janeiro Motta Memorial 2nd"]
[Site "Rio de Janeiro"]
[Date "2018.03.20"]
[Round "5"]
[White "Rolim, Carlos Alves"]
[Black "Negreiros, Diogenes"]
[Result "0-1"]
[WhiteElo "1901"]
[BlackElo "1677"]
[PlyCount "90"]
[EventDate "2018.02.20"]
[EventType "swiss"]
[EventRounds "6"]
[EventCountry "BRA"]
[SourceTitle "CBM 183 Extra"]
[Source "ChessBase"]
[SourceDate "2018.04.19"]
[SourceVersion "1"]
[SourceVersionDate "2018.04.19"]
[SourceQuality "1"]

1. d4 d5 2. c4 e6 3. Nc3 Nf6 4. Bg5 Be7 5. Nf3 0-0 6. e3 c5 7. Rc1 Nc6 8. a3 b6 9. Be2 Bb7 10. 0-0 Qd7 11. h3 cxd4 12. Nxd4 Nxd4 13. Qxd4 Rac8 14. Rfd1 Rfd8 15. b4 Qc6 16. cxd5 exd5 17. Bf4 Qd7 18. Be5 Re8 19. g4 h6 20. f4 Red8 21. g5 hxg5 22. fxg5 Ne8 23. Bg4 Qc6 24. Bxc8 Rxc8 25. h4 Qe6 26. Rf1 Rc4 27. g6 f6 28. Qd2 Qxe5 29. Ne2 Rg4+ 30. Kf2 Nd6 31. Ke1 Ne4 32. Qd3 Rxh4 33. Nf4 Ng3 34. Rg1 Rxf4 35. Rxg3 Rh4 36. Rg1 f5 37. Rf1 f4 38. Rf3 Rh1+ 39. Kd2 fxe3+ 40. Rxe3 Rh2+ 41. Kd1 Qh5+ 42. Rf3 d4 43. Qc4+ Qd5 44. Qc8+ Bxc8 45. Rxc8+ Bd8 0-1

[Event "Rio de Janeiro Motta Memorial 2nd"]
[Site "Rio de Janeiro"]
[Date "2018.03.13"]
[Round "4"]
[White "Negreiros, Diogenes"]
[Black "Madeu, Fernando Antonio"]
[Result "0-1"]
[WhiteElo "1677"]
[BlackElo "1996"]
[PlyCount "84"]
[EventDate "2018.02.20"]
[EventType "swiss"]
[EventRounds "6"]
[EventCountry "BRA"]
[SourceTitle "CBM 183 Extra"]
[Source "ChessBase"]
[SourceDate "2018.04.19"]
[SourceVersion "1"]
[SourceVersionDate "2018.04.19"]
[SourceQuality "1"]

1. e4 e5 2. Nf3 Nc6 3. Bb5 a6 4. Ba4 Nf6 5. 0-0 Be7 6. c3 Nxe4 7. Re1 Nc5 8. Bxc6 dxc6 9. d4 exd4 10. cxd4 Ne6 11. Nc3 0-0 12. Be3 h6 13. Qb3 Bg5 14. d5 Bxe3 15. Rxe3 cxd5 16. Nxd5 Nc5 17. Qc4 Be6 18. Qxc5 Qxd5 19. Qxc7 Rac8 20. Qb6 Rc6 21. Qb4 Rfc8 22. h3 Rc4 23. Qe7 Rc2 24. Re5 Rc1+ 25. Rxc1 Rxc1+ 26. Kh2 Qxa2 27. Qxb7 Rc2 28. Nd4 Rxb2 29. Qa8+ Kh7 30. Qe4+ Kg8 31. Nxe6 fxe6 32. Rxe6 Rxf2 33. Re8+ Rf8 34. Re7 Qf2 35. Qe6+ Kh7 36. Qe4+ Qf5 37. Qe2 Qf4+ 38. Kg1 Qd4+ 39. Kh1 Rf2 40. Qe1 Qf4 41. Qb1+ Qf5 42. Qe1 Rf1+ 0-1

[Event "Rio de Janeiro Motta Memorial 2nd"]
[Site "Rio de Janeiro"]
[Date "2018.03.06"]
[Round "3"]
[White "Machado, Wallace Fernandes"]
[Black "Negreiros, Diogenes"]
[Result "1-0"]
[WhiteElo "1898"]
[BlackElo "1677"]
[PlyCount "65"]
[EventDate "2018.02.20"]
[EventType "swiss"]
[EventRounds "6"]
[EventCountry "BRA"]
[SourceTitle "CBM 183 Extra"]
[Source "ChessBase"]
[SourceDate "2018.04.19"]
[SourceVersion "1"]
[SourceVersionDate "2018.04.19"]
[SourceQuality "1"]

1. c4 e5 2. Nc3 Nf6 3. d3 d5 4. cxd5 Nxd5 5. g3 Nc6 6. Bg2 Be6 7. Nf3 Be7 8. 0-0 Qd7 9. Re1 0-0-0 10. a3 f6 11. Bd2 g5 12. b4 g4 13. Nh4 Rhf8 14. b5 Nd4 15. Bh1 f5 16. e3 Nxc3 17. Bxc3 Bb3 18. Qb1 Nc2 19. Qxb3 Nxe1 20. Rxe1 Bxh4 21. gxh4 f4 22. exf4 Rxf4 23. Bxe5 Rf3 24. Bxf3 gxf3 25. Bg3 Re8 26. Re3 Rxe3 27. fxe3 Qh3 28. Qg8+ Kd7 29. Qf7+ Kd8 30. Qxf3 Qe6 31. Qf8+ Kd7 32. Qg7+ Ke8 33. Qe5 1-0